気象庁天気予報の気温予報地点 - Statistics

General Stats
  • This quiz has been taken 295 times
  • The average score is 119 of 171
Answer Stats
一次細分区域 地点 % Correct
釧路地方 釧路くしろ
97%
北見地方 北見きたみ
96%
根室地方 根室ねむろ
96%
三重県北中部
96%
宗谷地方 稚内わっかない
95%
網走地方 網走あばしり
95%
留萌地方 留萌るもい
93%
石狩地方 札幌さっぽろ
93%
青森県津軽 青森あおもり
93%
青森県三八上北 八戸はちのへ
93%
紋別地方 紋別もんべつ
92%
秋田県沿岸 秋田あきた
92%
宮城県東部 仙台せんだい
92%
福島県中通り 福島ふくしま
92%
渡島地方 函館はこだて
91%
岩手県内陸 盛岡もりおか
91%
上川地方 旭川あさひかわ
89%
十勝地方 帯広おびひろ
89%
山形県村山 山形やまがた
89%
新潟県下越 新潟にいがた
89%
富山県東部 富山とやま
89%
福井県嶺北 福井ふくい
89%
群馬県南部 前橋まえばし
89%
大阪府 大阪おおさか
89%
沖縄本島北部 名護なご
89%
青森県津軽 弘前ひろさき
88%
岩手県沿岸北部 宮古みやこ
88%
石川県加賀 金沢かなざわ
88%
埼玉県秩父地方 秩父ちちぶ
88%
茨城県北部 水戸みと
88%
東京地方 東京とうきょう
88%
神奈川県東部 横浜よこはま
88%
長野県北部 長野ながの
88%
長野県中部 松本まつもと
88%
静岡県西部 浜松はままつ
88%
愛知県西部 名古屋なごや
88%
奈良県北部 奈良なら
88%
兵庫県南部 神戸こうべ
88%
栃木県南部 宇都宮うつのみや
87%
静岡県中部 静岡しずおか
87%
滋賀県南部 大津おおつ
87%
鳥取県東部 鳥取とっとり
87%
島根県東部 松江まつえ
87%
埼玉県南部 さいたま
86%
福島県中通り 郡山こおりやま
86%
千葉県北西部 千葉ちば
86%
山梨県中・西部 甲府こうふ
86%
愛知県東部 豊橋とよはし
86%
京都府南部 京都きょうと
86%
和歌山県北部 和歌山わかやま
86%
岐阜県美濃地方 岐阜ぎふ
85%
岐阜県飛騨地方 高山たかやま
85%
兵庫県南部 姫路ひめじ
85%
広島県南部 広島ひろしま
85%
福岡県福岡地方 福岡ふくおか
85%
大分県中部 大分おおいた
85%
熊本県熊本地方 熊本くまもと
85%
宮崎県南部平野部 宮崎みやざき
85%
岡山県南部 岡山おかやま
84%
長崎県南部 長崎ながさき
84%
石川県能登 輪島わじま
83%
福井県嶺南 敦賀つるが
83%
千葉県北東部 銚子ちょうし
83%
神奈川県西部 小田原おだわら
83%
香川県 高松たかまつ
83%
徳島県北部 徳島とくしま
83%
愛媛県中予 松山まつやま
83%
高知県中部 高知こうち
83%
山口県中部 山口やまぐち
83%
新潟県中越 長岡ながおか
82%
伊豆諸島北部 大島おおしま
82%
鳥取県中・西部 米子よなご
82%
山口県西部 下関しものせき
82%
佐賀県南部 佐賀さが
82%
鹿児島県薩摩地方 鹿児島かごしま
82%
青森県下北 むつ
81%
沖縄本島中南部 那覇なは
81%
宮城県東部 石巻いしのまき
80%
長野県南部 飯田いいだ
80%
長崎県北部 佐世保させぼ
80%
胆振地方 室蘭むろらん
79%
岩手県内陸 一関いちのせき
79%
山形県庄内 酒田さかた
79%
埼玉県北部 熊谷くまがや
79%
三重県北中部 四日市よっかいち
79%
宮古島地方 宮古島みやこじま
79%
京都府北部 舞鶴まいづる
78%
愛媛県南予 宇和島うわじま
78%
山形県置賜 米沢よねざわ
77%
小笠原諸島 父島ちちじま
76%
兵庫県北部 豊岡とよおか
76%
広島県南部 福山ふくやま
76%
大分県西部 日田ひた
76%
久米島 久米島くめじま
76%
石垣島地方 石垣島いしがきじま
76%
山形県最上 新庄しんじょう
75%
千葉県南部 館山たてやま
75%
福岡県筑後地方 久留米くるめ
75%
与那国島地方 与那国島よなぐにじま
75%
広島県南部 くれ
74%
山口県北部 はぎ
74%
福島県浜通り 相馬そうま
73%
茨城県南部 土浦つちうら
73%
長野県中部 諏訪すわ
73%
宮崎県北部平野部 延岡のべおか
73%
岡山県北部 津山つやま
72%
福島県中通り 白河しらかわ
71%
静岡県東部 三島みしま
71%
宮崎県南部山沿い 都城みやこのじょう
71%
群馬県北部 みなかみ
70%
島根県西部 浜田はまだ
70%
秋田県内陸 横手よこて
69%
三重県南部 尾鷲おわせ
69%
大分県北部 中津なかつ
69%
岩手県沿岸南部 大船渡おおふなと
68%
福島県会津 若松わかまつ
67%
滋賀県北部 彦根ひこね
65%
伊豆諸島南部 八丈島はちじょうじま
64%
愛媛県東予 新居浜にいはま
64%
種子島・屋久島地方 種子島たねがしま
64%
大東島地方 南大東みなみだいとう
63%
空知地方 岩見沢いわみざわ
62%
檜山地方 江差えさし
62%
新潟県中越 湯沢ゆざわ
62%
大分県南部 佐伯さいき
62%
熊本県球磨地方 人吉ひとよし
61%
佐賀県北部 伊万里いまり
59%
鹿児島県大隅地方 鹿屋かのや
59%
鹿児島県薩摩地方 枕崎まくらざき
58%
福井県嶺北 大野おおの
57%
山梨県東部・富士五湖 河口湖かわぐちこ
57%
後志地方 倶知安くっちゃん
56%
宮崎県北部山沿い 高千穂たかちほ
55%
日高地方 浦河うらかわ
54%
宮城県西部 白石しろいし
54%
新潟県上越 高田たかだ
54%
広島県北部 庄原しょうばら
54%
兵庫県南部 洲本すもと
51%
長崎県五島 福江ふくえ
51%
栃木県北部 大田原おおたわら
49%
長野県中部 軽井沢かるいざわ
49%
岩手県内陸 二戸にのへ
48%
福岡県筑豊地方 飯塚いいづか
48%
福岡県北九州地方 八幡やはた
44%
福島県浜通り 小名浜おなはま
40%
静岡県西部 御前崎おまえざき
40%
奄美地方 名瀬なぜ
40%
三重県北中部 上野うえの
38%
山口県東部 柳井やない
38%
青森県津軽 深浦ふかうら
37%
高知県東部 室戸岬むろとみさき
36%
和歌山県南部 潮岬しおのみさき
35%
徳島県北部 池田いけだ
34%
宮城県東部 古川ふるかわ
33%
新潟県佐渡 相川あいかわ
33%
福島県会津 田島たじま
30%
長崎県壱岐・対馬 厳原いづはら
29%
鹿児島県薩摩地方 阿久根あくね
28%
高知県西部 清水しみず
27%
熊本県天草・芦北地方 牛深うしぶか
27%
静岡県伊豆 石廊崎いろうざき
23%
島根県隠岐 西郷さいごう
21%
秋田県内陸 鷹巣たかのす
20%
奄美地方 沖永良部おきのえらぶ
15%
富山県西部 伏木ふしき
14%
静岡県伊豆 網代あじろ
14%
奈良県南部 風屋かぜや
12%
徳島県南部 日和佐ひわさ
12%
宮崎県南部平野部 油津あぶらつ
12%
新潟県下越 津川つがわ
7%
熊本県阿蘇地方 阿蘇乙姫あそおとひめ
5%
No matching quizzes found
Score Distribution
Percent of People with Each Score
Percentile by Number Answered
Your Score History
You have not taken this quiz